| 000 | 00907nam a22002537a 4500 | ||
|---|---|---|---|
| 999 |
_c5397 _d5397 |
||
| 003 | AR-CdUCM | ||
| 008 | 190312b ||||| |||| 00| 0 spa d | ||
| 040 |
_aMUNICIPALIDAD PROVINCIAL DEL CUSCO _cBIBLIOTECA MUNICIPAL DEL CUSCO |
||
| 082 |
_a448.246 / _bJ21 _22ed. |
||
| 100 |
_aJan, J.M. _916265 |
||
| 245 |
_aEl francés práctico : _bcomercio, exámenes y viajes.Fácil y rápida / |
||
| 260 |
_aBuenos Aires : _bAcademias Pitman : _b[Imprenta López], _c[1935]. |
||
| 300 |
_aVI, 240 páginas ; _bdibujos ; _c20.5 cm. |
||
| 500 | _aDonación de la familia Nieto. | ||
| 505 | _aContenido: Gramaire -- Dialogues ... | ||
| 650 |
_aGramática francesa _916266 |
||
| 650 |
_aLecciones de francés _916267 |
||
| 650 |
_aFrancés - Idioma _916268 |
||
| 650 |
_aEjecicios - Lecturas _916269 |
||
| 700 |
_aOllua, R. _916270 |
||
| 710 |
_aAcademia Pitman _916271 |
||
| 942 |
_2ddc _cLIBROS |
||
| 945 | _alccs | ||